Pharmacognosy

Enregistré dans:
Détails bibliographiques
Auteur principal: SINGH, Urmila
Format: Livre
Langue:anglais
Publié: Ishwar Books 2020
Tags: Ajouter un tag
Pas de tags, Soyez le premier à ajouter un tag!

MARC

LEADER 00000nam a22000007a 4500
008 231227b |||||||| |||| 00| 0 eng d
020 |a 978-93-86777-04-1 
100 |a SINGH, Urmila 
245 |a Pharmacognosy  |c /Urmila Singh  |g vi, 312p 
260 |b Ishwar Books  |c 2020  |h New Delhi  |i 700269  |i 700270  |l RS164.Si6  |m Pharmacognosy 
500 |a it includes references and index 
942 |a lcc  |c BK  |e Johnson  |f 27/12/23 
952 |0 0  |1 0  |2 lcc  |4 0  |6 RS0164 S I6  |7 0  |9 4723  |a PL  |b HOL  |c QZ  |d 2023-12-27  |l 0  |o RS164.Si6  |p 2023-0636  |r 2023-12-27 00:00:00  |t 700269  |w 2023-12-27  |y BK 
952 |0 0  |1 0  |2 lcc  |4 0  |6 RS0164 S I6  |7 0  |9 4724  |a HOL  |b HOL  |c QZ  |d 2023-12-27  |l 0  |o RS164.Si6  |p 2023-0637  |r 2023-12-27 00:00:00  |t 700270  |w 2023-12-27  |y BK 
999 |c 2368  |d 2368